Iterative Verfahren zur Artefaktreduktion in der Computertomographie = Iterative algorithms for artifact reduction in computed tomography
In der Bildgebung mittels Computertomographie (CT) ist stets eine Abwägung zwischen Strahlenexposition für den Patienten und Bildqualität notwendig. Aufnahmen bei geringer Strahlendosis sind aber üblicherweise mit starkem Bildrauschen verbunden. Die diagnostische Bildqualität kann durch Artefa...
Gespeichert in:
| 1. Verfasser: | |
|---|---|
| Dokumenttyp: | Article (Journal) |
| Sprache: | Deutsch Englisch |
| Veröffentlicht: |
20. Dezember 2017
|
| In: |
Der Radiologe
Year: 2018, Jahrgang: 58, Heft: 3, Pages: 202-210 |
| ISSN: | 1432-2102 |
| DOI: | 10.1007/s00117-017-0327-7 |
| Online-Zugang: | Verlag, Volltext: https://doi.org/10.1007/s00117-017-0327-7 |
| Verfasserangaben: | S. Skornitzke |
MARC
| LEADER | 00000caa a2200000 c 4500 | ||
|---|---|---|---|
| 001 | 1663011834 | ||
| 003 | DE-627 | ||
| 005 | 20220816132423.0 | ||
| 007 | cr uuu---uuuuu | ||
| 008 | 190409s2018 xx |||||o 00| ||ger c | ||
| 024 | 7 | |a 10.1007/s00117-017-0327-7 |2 doi | |
| 035 | |a (DE-627)1663011834 | ||
| 035 | |a (DE-599)KXP1663011834 | ||
| 035 | |a (OCoLC)1341207975 | ||
| 040 | |a DE-627 |b ger |c DE-627 |e rda | ||
| 041 | |a ger |a eng | ||
| 084 | |a 33 |2 sdnb | ||
| 100 | 1 | |a Skornitzke, Stephan |d 1987- |e VerfasserIn |0 (DE-588)1110072589 |0 (DE-627)864783523 |0 (DE-576)475718267 |4 aut | |
| 245 | 1 | 0 | |a Iterative Verfahren zur Artefaktreduktion in der Computertomographie |b = Iterative algorithms for artifact reduction in computed tomography |c S. Skornitzke |
| 246 | 3 | 1 | |a Iterative algorithms for artifact reduction in computed tomography |
| 264 | 1 | |c 20. Dezember 2017 | |
| 300 | |a 9 | ||
| 336 | |a Text |b txt |2 rdacontent | ||
| 337 | |a Computermedien |b c |2 rdamedia | ||
| 338 | |a Online-Ressource |b cr |2 rdacarrier | ||
| 500 | |a Gesehen am 09.04.2019 | ||
| 520 | |a In der Bildgebung mittels Computertomographie (CT) ist stets eine Abwägung zwischen Strahlenexposition für den Patienten und Bildqualität notwendig. Aufnahmen bei geringer Strahlendosis sind aber üblicherweise mit starkem Bildrauschen verbunden. Die diagnostische Bildqualität kann durch Artefakte, die von Metallimplantaten hervorgerufen werden, beeinträchtigt werden. Die Entwicklung von iterativen Verfahren zur Artefaktreduktion in der CT erlaubt im Gegensatz zur herkömmlichen Rekonstruktion diagnostisch verwertbare Aufnahmen bei deutlicher Dosiseinsparung. | ||
| 773 | 0 | 8 | |i Enthalten in |t Der Radiologe |d Berlin : Springer, 1996 |g 58(2018), 3, Seite 202-210 |h Online-Ressource |w (DE-627)25463916X |w (DE-600)1463036-9 |w (DE-576)074531832 |x 1432-2102 |7 nnas |a Iterative Verfahren zur Artefaktreduktion in der Computertomographie = Iterative algorithms for artifact reduction in computed tomography |
| 773 | 1 | 8 | |g volume:58 |g year:2018 |g number:3 |g pages:202-210 |g extent:9 |a Iterative Verfahren zur Artefaktreduktion in der Computertomographie = Iterative algorithms for artifact reduction in computed tomography |
| 856 | 4 | 0 | |u https://doi.org/10.1007/s00117-017-0327-7 |x Verlag |x Resolving-System |3 Volltext |
| 951 | |a AR | ||
| 992 | |a 20190409 | ||
| 993 | |a Article | ||
| 994 | |a 2018 | ||
| 998 | |g 1110072589 |a Skornitzke, Stephan |m 1110072589:Skornitzke, Stephan |d 910000 |d 911400 |e 910000PS1110072589 |e 911400PS1110072589 |k 0/910000/ |k 1/910000/911400/ |p 1 |x j |y j | ||
| 999 | |a KXP-PPN1663011834 |e 342113572X | ||
| BIB | |a Y | ||
| SER | |a journal | ||
| JSO | |a {"origin":[{"dateIssuedKey":"2018","dateIssuedDisp":"20. Dezember 2017"}],"note":["Gesehen am 09.04.2019"],"relHost":[{"recId":"25463916X","title":[{"title":"Der Radiologe","subtitle":"Zeitschrift für diagnostische und interventionelle Radiologie, Radioonkologie, Nuklearmedizin : Organ des Berufsverbands der Deutschen Radiologen e.V.","title_sort":"Radiologe"}],"physDesc":[{"extent":"Online-Ressource"}],"origin":[{"dateIssuedDisp":"[1996?-2022]","publisherPlace":"Berlin ; Heidelberg ; Berlin ; Heidelberg ; New York, NY","publisher":"Springer ; Springer"}],"note":["Gesehen am 13.06.2022"],"pubHistory":["Volume 36, issue 1 (January 1996) [?]-volume 62, issue 5 (May 2022)"],"language":["ger"],"id":{"zdb":["1463036-9"],"eki":["25463916X"],"issn":["1432-2102"]},"part":{"issue":"3","extent":"9","volume":"58","text":"58(2018), 3, Seite 202-210","year":"2018","pages":"202-210"},"type":{"bibl":"periodical","media":"Online-Ressource"},"disp":"Iterative Verfahren zur Artefaktreduktion in der Computertomographie = Iterative algorithms for artifact reduction in computed tomographyDer Radiologe","titleAlt":[{"title":"Zeitschrift für bildgebende Verfahren, Radioonkologie, Nuklearmedizin"},{"title":"Organ vom: Berufsverband der Deutschen Radiologen e.V."},{"title":"Organ der Arbeitsgemeinschaft Berufsverbände Medizinische Radiologie"}]}],"recId":"1663011834","title":[{"title_sort":"Iterative Verfahren zur Artefaktreduktion in der Computertomographie","subtitle":" = Iterative algorithms for artifact reduction in computed tomography","title":"Iterative Verfahren zur Artefaktreduktion in der Computertomographie"}],"language":["ger","eng"],"id":{"eki":["1663011834"],"doi":["10.1007/s00117-017-0327-7"]},"type":{"bibl":"article-journal","media":"Online-Ressource"},"physDesc":[{"extent":"9 S."}],"person":[{"role":"aut","given":"Stephan","family":"Skornitzke","display":"Skornitzke, Stephan"}],"name":{"displayForm":["S. Skornitzke"]},"titleTranslated":[{"translated":"Iterative algorithms for artifact reduction in computed tomography"}]} | ||
| SRT | |a SKORNITZKEITERATIVEV2020 | ||